Libro de curiosidades relativas a Valladolid (Record no. 29818)
[ view plain ]
| 000 -LEADER | |
|---|---|
| campo de control de longitud fija | 00652nam a2200169 i 4500 |
| 001 - NÚMERO DE CONTROL | |
| campo de control | 29818 |
| 003 - IDENTIFICADOR DE NÚMERO DE CONTROL | |
| campo de control | ES-MaACL |
| 005 - FECHA Y HORA DE LA ÚLTIMA TRANSACCIÓN | |
| campo de control | 20230906154108.0 |
| 007 - CAMPO FIJO DE DESCRIPCIÓN FÍSICA--INFORMACIÓN GENERAL | |
| campo de control de longitud fija | t| |
| 008 - DATOS DE LONGITUD FIJA--INFORMACIÓN GENERAL | |
| campo de control de longitud fija | 030123s1914 sp ||||1| spa d |
| 100 1# - ENTRADA PRINCIPAL--NOMBRE DE PERSONA | |
| Nombre de persona | Basanta Ramos, Pedro Alcántara. |
| 9 (RLIN) | 26247 |
| 245 10 - MENCIÓN DEL TÍTULO | |
| Título | Libro de curiosidades relativas a Valladolid |
| Resto del título | : (1807-1831) / |
| Mención de responsabilidad, etc. | por Pedro Alcántara Basanta ; publicado con un prólogo y algunas notas por Alfredo Basanta de la Riva. |
| 260 ## - PUBLICACIÓN, DISTRIBUCIÓN, ETC. | |
| Lugar de publicación, distribución, etc. | Valladolid : |
| Nombre del editor, distribuidor, etc. | [s.n., |
| Fecha de publicación, distribución, etc. | 1914] ( |
| Fabricante | Tip. del Colegio de Santiago) |
| 300 ## - DESCRIPCIÓN FÍSICA | |
| Extensión | X, 177 p. ; |
| Dimensiones | 21 cm. |
| 700 1# - ENTRADA AGREGADA--NOMBRE PERSONAL | |
| Nombre de persona | Basanta de la Riva, Alfredo. |
| 9 (RLIN) | 26246 |
| 852 ## - LOCALIZACIÓN | |
| Ubicación | ES-MaACL |
| Número de control de estantería | R-3007 |
| Encuadernación | Olim:G-2852 |
| Estatus retirado | Estado de pérdida | Estado de daño | No para préstamo | Biblioteca de origen | Biblioteca actual | Ubicación en estantería | Fecha de adquisición | Fuente de adquisición | Total de préstamos | Signatura topográfica completa | Código de barras | Visto por última vez | Precio de reemplazo | Tipo de ítem Koha |
|---|---|---|---|---|---|---|---|---|---|---|---|---|---|---|
| Biblioteca del Ateneo de Madrid | Biblioteca del Ateneo de Madrid | Depósito | 17/01/2008 | R-3007 | 1030786 | 23/02/2023 | 23/02/2023 | Libro impreso |
